[Event "HUN-chT2 Asztalos 1819"]
[Site "Hungary"]
[Date "2019.02.24"]
[Round "6.8"]
[White "Ronai, Akos Balazs"]
[Black "Szuhai, Balazs"]
[Result "1/2-1/2"]
[WhiteElo "1706"]
[BlackElo "1992"]
[PlyCount "48"]
[EventDate "2018.10.28"]
[EventType "team-tourn"]
[EventRounds "9"]
[EventCountry "HUN"]
[SourceTitle "CBM 189 Extra"]
[Source "ChessBase"]
[SourceDate "2019.06.03"]
[SourceVersion "1"]
[SourceVersionDate "2019.06.03"]
[SourceQuality "1"]
[WhiteTeam "Karmin"]
[BlackTeam "Decs 1990"]
[WhiteTeamCountry "HUN"]
[BlackTeamCountry "HUN"]

1. e4 c5 2. Nf3 Nc6 3. c4 d6 4. Nc3 Bg4 5. Be2 e6 6. h3 Bxf3 7. Bxf3 Nf6 8. 0-0 Be7 9. d3 0-0 10. a3 a6 11. Rb1 Nd7 12. Be3 Bf6 13. Qd2 h6 14. Bd1 Bd4 15. Ne2 b5 16. b3 Rb8 17. Bc2 f5 18. f4 Qf6 19. Kh1 Kh7 20. exf5 exf5 21. Rbe1 Rbe8 22. Bxd4 Nxd4 23. Bd1 Nxe2 24. Bxe2 Qd4 1/2-1/2

[Event "HUN-chT2 Asztalos 1718"]
[Site "Hungary"]
[Date "2018.03.25"]
[Round "8.9"]
[White "Szuhai, Balazs"]
[Black "Jaeger, Laszlo"]
[Result "0-1"]
[WhiteElo "2041"]
[BlackElo "1855"]
[PlyCount "36"]
[EventDate "2017.10.29"]
[EventType "team-tourn"]
[EventRounds "9"]
[EventCountry "HUN"]
[SourceTitle "EXT 2021"]
[Source "ChessBase"]
[SourceDate "2020.10.23"]
[SourceVersion "1"]
[SourceVersionDate "2020.10.23"]
[SourceQuality "1"]
[WhiteTeam "Decs 1990"]
[BlackTeam "Baja"]
[WhiteTeamCountry "HUN"]
[BlackTeamCountry "HUN"]

1. d4 d5 2. c3 Bf5 3. Bf4 g6 4. e3 Bg7 5. Bd3 Bxd3 6. Qxd3 Nf6 7. Qb5+ Nbd7 8. Qxb7 Rb8 9. Qxa7 Rxb2 10. Qxc7 Qa8 11. Nf3 0-0 12. Bg3 Rc8 13. Qf4 Qa6 14. Nbd2 Rxc3 15. Rd1 Ne4 16. Bh4 Rcc2 17. Ng5 Ndf6 18. Ngf3 Nc3 0-1

[Event "HUN-chT2 Asztalos 1516"]
[Site "Hungary"]
[Date "2015.11.08"]
[Round "4.4"]
[White "Csire, Bence"]
[Black "Szuhai, Balazs"]
[Result "1/2-1/2"]
[WhiteElo "2069"]
[BlackElo "2034"]
[PlyCount "40"]
[EventDate "2015.09.13"]
[EventType "team-tourn"]
[EventRounds "11"]
[EventCountry "HUN"]
[SourceTitle "CBM 170 Extra"]
[Source "ChessBase"]
[SourceDate "2016.02.25"]
[SourceVersion "1"]
[SourceVersionDate "2016.02.25"]
[SourceQuality "1"]
[WhiteTeam "Fehervar"]
[BlackTeam "Decs 1990 II"]
[WhiteTeamCountry "HUN"]
[BlackTeamCountry "HUN"]

1. e4 c5 2. Nf3 Nc6 3. d4 cxd4 4. Nxd4 a6 5. Nc3 e6 6. Be2 Qc7 7. Be3 Nf6 8. f4 d6 9. 0-0 Be7 10. Bf3 Bd7 11. Nb3 b5 12. a3 Rc8 13. Kh1 h5 14. Qe2 g6 15. Bf2 e5 16. Nd5 Qb8 17. fxe5 Nxd5 18. exd5 Nxe5 19. Bd4 0-0 20. Rae1 Bf5 1/2-1/2

[Event "HUN-chT2 Asztalos 1314"]
[Site "Hungary"]
[Date "2014.02.16"]
[Round "5"]
[White "Szuhai, Balazs"]
[Black "Vanya, Janos"]
[Result "1/2-1/2"]
[WhiteElo "2054"]
[BlackElo "1930"]
[PlyCount "27"]
[EventDate "2013.09.08"]
[EventType "team-tourn"]
[EventRounds "9"]
[EventCountry "HUN"]
[SourceTitle "EXT 2016"]
[Source "ChessBase"]
[SourceDate "2015.10.08"]
[SourceVersion "1"]
[SourceVersionDate "2015.10.08"]
[SourceQuality "1"]
[WhiteTeam "Decs 1990 II"]
[BlackTeam "Kaposvar Bastya"]
[WhiteTeamCountry "HUN"]
[BlackTeamCountry "HUN"]

1. d4 Nf6 2. c3 d5 3. Bf4 e6 4. e3 Be7 5. Nd2 0-0 6. Bd3 c5 7. Ngf3 Nbd7 8. Qe2 Qb6 9. Rb1 Re8 10. Ng5 h6 11. h4 Bd6 12. Bxd6 Qxd6 13. Nh3 e5 14. dxe5 1/2-1/2

[Event "HUN-chT2 Asztalos 1314"]
[Site "Hungary"]
[Date "2013.09.22"]
[Round "2.4"]
[White "Babits, Andras"]
[Black "Szuhai, Balazs"]
[Result "0-1"]
[WhiteElo "2122"]
[BlackElo "2054"]
[PlyCount "119"]
[EventDate "2013.09.08"]
[EventType "team-tourn"]
[EventRounds "9"]
[EventCountry "HUN"]
[SourceTitle "EXT 2016"]
[Source "ChessBase"]
[SourceDate "2015.10.08"]
[SourceVersion "1"]
[SourceVersionDate "2015.10.08"]
[SourceQuality "1"]
[WhiteTeam "Marcali"]
[BlackTeam "Decs 1990 II"]
[WhiteTeamCountry "HUN"]
[BlackTeamCountry "HUN"]

1. e4 c5 2. b3 Nc6 3. Bb2 e6 4. Nf3 a6 5. Nc3 Qc7 6. a4 Nf6 7. Bc4 b6 8. 0-0 Bd6 9. h3 Bb7 10. Re1 0-0 11. e5 Nxe5 12. Rxe5 Bxf3 13. Re2 Bxe2 14. Qxe2 Be5 15. Bxa6 d6 16. Re1 Qd8 17. Bb5 Rc8 18. Qd3 Bd4 19. Ba3 Ne8 20. Ne2 Bf6 21. Qf3 d5 22. Ng3 Nd6 23. Bf1 g6 24. d3 Bc3 25. Rd1 Qf6 26. Qg4 Bd4 27. Qe2 Bb2 28. Bxb2 Qxb2 29. Qd2 Nf5 30. Nxf5 exf5 31. Be2 Rfd8 32. h4 Qf6 33. Qf4 Re8 34. Bf3 Rcd8 35. g3 Qc3 36. Rc1 Qe5 37. Qd2 Re7 38. Kg2 Kg7 39. c3 Rde8 40. d4 cxd4 41. cxd4 Qd6 42. Qd3 Qf6 43. Rd1 f4 44. Bxd5 fxg3 45. Qxg3 Rd8 46. Bf3 Rxd4 47. Rxd4 Qxd4 48. h5 h6 49. hxg6 fxg6 50. Qb8 Rf7 51. Qa8 Qf6 52. Qc6 Qg5+ 53. Kf1 Qf6 54. Qxf6+ Kxf6 55. b4 Ke7 56. Bd5 Rf6 57. f3 Kd6 58. Be4 g5 59. Kf2 Ke5 60. Ke3 0-1

[Event "HUN-chT2 Asztalos 1213"]
[Site "Hungary"]
[Date "2013.03.03"]
[Round "8.5"]
[White "Szuhai, Balazs"]
[Black "Varga, Zsolt"]
[Result "1/2-1/2"]
[WhiteElo "2052"]
[BlackElo "2087"]
[PlyCount "27"]
[EventDate "2012.09.16"]
[EventType "team-tourn"]
[EventRounds "9"]
[EventCountry "HUN"]
[SourceTitle "EXT 2014"]
[Source "ChessBase"]
[SourceDate "2013.11.20"]
[SourceVersion "1"]
[SourceVersionDate "2013.11.20"]
[SourceQuality "1"]
[WhiteTeam "Decs II"]
[BlackTeam "Pecs Karmin"]
[WhiteTeamCountry "HUN"]
[BlackTeamCountry "HUN"]

1. d4 d5 2. c3 Nf6 3. Bf4 e6 4. e3 Be7 5. Nd2 0-0 6. Bd3 Nbd7 7. Ngf3 Re8 8. Ng5 h6 9. h4 Bd6 10. Ngf3 e5 11. dxe5 Nxe5 12. Bxe5 Bxe5 13. Qc2 c5 14. Bf5 1/2-1/2

[Event "HUN-chT2 Asztalos 1112"]
[Site "Hungary"]
[Date "2012.03.25"]
[Round "8.3"]
[White "Ferenczy, Mate"]
[Black "Szuhai, Balazs"]
[Result "1/2-1/2"]
[WhiteElo "2025"]
[BlackElo "2042"]
[PlyCount "35"]
[EventDate "2011.09.25"]
[EventType "team-tourn"]
[EventRounds "11"]
[EventCountry "HUN"]
[SourceTitle "EXT 2013"]
[Source "ChessBase"]
[SourceDate "2012.11.22"]
[SourceVersion "1"]
[SourceVersionDate "2012.11.22"]
[SourceQuality "1"]
[WhiteTeam "Marcali"]
[BlackTeam "Decs II"]
[WhiteTeamCountry "HUN"]
[BlackTeamCountry "HUN"]

1. e4 c5 2. Nf3 Nc6 3. Bb5 a6 4. Bxc6 bxc6 5. 0-0 e6 6. e5 d5 7. exd6 Bxd6 8. d3 Rb8 9. Nc3 Nf6 10. Rb1 Qc7 11. h3 a5 12. Bd2 Ra8 13. b3 0-0 14. Re1 Nd5 15. a4 Rd8 16. Ne4 Be7 17. Qc1 e5 18. Qb2 1/2-1/2

[Event "HUN-chT2 Charousek 1011"]
[Site "Hungary"]
[Date "2010.11.07"]
[Round "5"]
[White "Szuhai, Balazs"]
[Black "Szabo, Adam"]
[Result "1/2-1/2"]
[WhiteElo "2051"]
[BlackElo "2138"]
[PlyCount "61"]
[EventDate "2010.09.12"]
[EventType "team-tourn"]
[EventRounds "11"]
[EventCountry "HUN"]
[SourceTitle "EXT 2012"]
[Source "ChessBase"]
[SourceDate "2011.11.24"]
[SourceVersion "1"]
[SourceVersionDate "2011.11.24"]
[SourceQuality "1"]
[WhiteTeam "Decs II"]
[BlackTeam "Tapolca"]
[WhiteTeamCountry "HUN"]
[BlackTeamCountry "HUN"]

1. d4 Nf6 2. c3 b6 3. Bf4 e6 4. e3 Bb7 5. Nd2 Be7 6. h3 Nd5 7. Bh2 f5 8. Ngf3 Nf6 9. Be2 d6 10. 0-0 Nbd7 11. Qb3 d5 12. Ne5 Nxe5 13. Bxe5 0-0 14. Qc2 Bd6 15. Nf3 Bxe5 16. Nxe5 Nd7 17. Nf3 Qf6 18. c4 c6 19. b4 Rfc8 20. Qb3 Kh8 21. a4 a6 22. Rfc1 h6 23. Ra2 g5 24. cxd5 cxd5 25. Rxc8+ Rxc8 26. Rc2 Qd8 27. Nd2 Kg7 28. Qb2 Rc7 29. Bd3 Qc8 30. Rxc7 Qxc7 31. Nf3 1/2-1/2

[Event "HUN-chT2 Asztalos 0910"]
[Site "Hungary"]
[Date "2009.12.06"]
[Round "3"]
[White "Fath, Jozsef Jr"]
[Black "Szuhai, Balazs"]
[Result "0-1"]
[WhiteElo "1985"]
[BlackElo "2096"]
[PlyCount "71"]
[EventDate "2009.11.08"]
[EventType "team-tourn"]
[EventRounds "11"]
[EventCountry "HUN"]
[SourceTitle "EXT 2011"]
[Source "ChessBase"]
[SourceDate "2010.11.26"]
[SourceVersion "1"]
[SourceVersionDate "2010.11.26"]
[SourceQuality "1"]
[WhiteTeam "Dombovar"]
[BlackTeam "Decs II"]
[WhiteTeamCountry "HUN"]
[BlackTeamCountry "HUN"]

1. d4 d5 2. Nf3 Bf5 3. Bf4 c6 4. c3 e6 5. Nbd2 Bd6 6. Bg3 Nf6 7. Qb3 Bxg3 8. hxg3 Qc7 9. Nh4 Nbd7 10. Nxf5 exf5 11. Rh3 0-0-0 12. e3 g5 13. a4 Rde8 14. 0-0-0 Ng4 15. Re1 Nxf2 16. Rh6 Qxg3 17. Re2 Re6 18. Rxe6 fxe6 19. Qc2 Ne4 20. c4 Rf8 21. cxd5 exd5 22. Nf3 h5 23. Qd1 h4 24. Rc2 g4 25. Ne5 Nxe5 26. dxe5 Qxe5 27. a5 Rf6 28. Kb1 Kb8 29. a6 b6 30. Qc1 c5 31. b4 Rc6 32. Bd3 c4 33. Bxe4 Qxe4 34. Qb2 c3 35. Qb3 Rc4 36. Ka1 0-1

[Event "HUN-chT2 Asztalos 0809"]
[Site "Hungary"]
[Date "2009.02.22"]
[Round "8"]
[White "Szuhai, Balazs"]
[Black "Pais, Nimrod"]
[Result "1/2-1/2"]
[WhiteElo "2095"]
[BlackElo "2059"]
[PlyCount "34"]
[EventDate "2008.10.26"]
[EventType "team-tourn"]
[EventRounds "11"]
[EventCountry "HUN"]
[SourceTitle "EXT 2010"]
[Source "ChessBase"]
[SourceDate "2010.11.25"]
[SourceVersion "1"]
[SourceVersionDate "2010.11.25"]
[SourceQuality "1"]
[WhiteTeam "Szekszard/Decs II"]
[BlackTeam "Fehervar"]
[WhiteTeamCountry "HUN"]
[BlackTeamCountry "HUN"]

1. d4 d5 2. c3 Nf6 3. Bf4 e6 4. e3 Bd6 5. Bg3 Qe7 6. Nd2 Nbd7 7. Be2 Bxg3 8. hxg3 e5 9. Qb3 0-0 10. Ngf3 c6 11. dxe5 Nxe5 12. Nxe5 Qxe5 13. Qb4 h6 14. Qh4 Re8 15. g4 Nh7 16. 0-0-0 Qe7 17. Qg3 Qe5 1/2-1/2

[Event "HUN-chT2 Asztalos 0809"]
[Site "Hungary"]
[Date "2008.12.21"]
[Round "4"]
[White "Szuhai, Balazs"]
[Black "Bocska, Janos"]
[Result "1-0"]
[WhiteElo "2095"]
[BlackElo "2119"]
[PlyCount "73"]
[EventDate "2008.10.26"]
[EventType "team-tourn"]
[EventRounds "11"]
[EventCountry "HUN"]
[SourceTitle "EXT 2010"]
[Source "ChessBase"]
[SourceDate "2010.11.25"]
[SourceVersion "1"]
[SourceVersionDate "2010.11.25"]
[SourceQuality "1"]
[WhiteTeam "Szekszard/Decs II"]
[BlackTeam "Nagyatad"]
[WhiteTeamCountry "HUN"]
[BlackTeamCountry "HUN"]

1. d4 d5 2. c3 Bf5 3. Bf4 e6 4. e3 Bd6 5. Bg3 Nf6 6. Bd3 Ne4 7. Qc2 Qg5 8. Nf3 Qh6 9. Bxd6 Nxd6 10. Nbd2 0-0 11. c4 dxc4 12. Bxf5 Nxf5 13. Qxc4 Na6 14. Qb5 Nd6 15. Qb3 c5 16. 0-0 cxd4 17. Nxd4 Nc5 18. Qa3 b6 19. b4 Nd7 20. Rac1 e5 21. N4f3 f5 22. Rc6 Rf6 23. Qb3+ Kh8 24. Qd5 Re8 25. Rfc1 e4 26. Nd4 f4 27. Nxe4 Rxe4 28. Rxd6 fxe3 29. Rc8+ Nf8 30. Qxe4 exf2+ 31. Kf1 Qxh2 32. Rxf6 Qg1+ 33. Ke2 Qe1+ 34. Kd3 f1Q+ 35. Rxf1 Qxf1+ 36. Qe2 Qb1+ 37. Nc2 1-0

[Event "HUN-chT2 Asztalos 0809"]
[Site "Hungary"]
[Date "2008.10.26"]
[Round "1"]
[White "Szuhai, Balazs"]
[Black "Mitric, Milutin"]
[Result "1/2-1/2"]
[WhiteElo "2095"]
[BlackElo "1957"]
[PlyCount "24"]
[EventDate "2008.10.26"]
[EventType "team-tourn"]
[EventRounds "11"]
[EventCountry "HUN"]
[SourceTitle "EXT 2010"]
[Source "ChessBase"]
[SourceDate "2010.11.25"]
[SourceVersion "1"]
[SourceVersionDate "2010.11.25"]
[SourceQuality "1"]
[WhiteTeam "Szekszard/Decs II"]
[BlackTeam "Mohacs"]
[WhiteTeamCountry "HUN"]
[BlackTeamCountry "HUN"]

1. d4 d5 2. c3 Nf6 3. Bf4 Nh5 4. Bg3 Nxg3 5. hxg3 g6 6. Nf3 Bg7 7. e3 Bg4 8. Qb3 b6 9. Nbd2 0-0 10. a4 Nc6 11. Bb5 Na5 12. Qc2 a6 1/2-1/2